Statistics for Count to 10 in Europe: Expert

Click here to take the quiz!

General Stats

  • This quiz has been taken 126 times
  • The average score is 36 of 80

Answer Stats

Language#Answer% Correct
Spanish1Uno
99%
French1Un
94%
Spanish2Dos
92%
Spanish3Tres
90%
Italian1Uno
88%
German1Eins
85%
French2Deux
84%
German3Drei
80%
Italian3Tre
80%
French3Trois
80%
German2Zwei
80%
Spanish5Cinco
78%
Spanish4Cuatro
76%
French4Quatre
75%
French5Cinq
73%
German4Vier
71%
German5Fünf
70%
German7Sieben
70%
German8Acht
69%
French10Dix
69%
French8Huit
69%
French9Neuf
69%
Spanish8Ocho
69%
Spanish6Seis
69%
French7Sept
69%
French6Six
69%
Spanish9Nueve
68%
Spanish7Siete
67%
German9Neun
66%
German6Sechs
66%
Spanish10Diez
65%
Italian2Due
62%
German10Zehn
62%
Italian6Sei
57%
Italian5Cinque
56%
Italian8Otto
53%
Italian7Sette
50%
Italian4Cuattro
49%
Italian9Nove
48%
Italian10Dieci
43%
Dutch1Een
39%
Portuguese3Três
35%
Portuguese1Um
34%
Dutch4Vier
30%
Dutch2Twee
27%
Portuguese5Cinco
26%
Portuguese2Dois
26%
Portuguese4Quatro
26%
Portuguese6Seis
25%
Dutch3Drie
24%
Dutch8Acht
23%
Swedish1En
22%
Swedish3Tre
21%
Dutch5Vijf
21%
Portuguese9Nove
20%
Dutch7Zeven
20%
Swedish5Fem
19%
Dutch9Negen
19%
Portuguese8Oito
19%
Portuguese7Sete
19%
Dutch10Tien
19%
Dutch6Zes
19%
Portuguese10Dez
17%
Polish2Dwa
17%
Swedish8Åtta
16%
Polish1Jeden
16%
Swedish7Sju
16%
Swedish4Fyra
15%
Swedish6Sex
15%
Swedish2Två
15%
Swedish9Nio
14%
Swedish10Tio
13%
Polish3Trzy
11%
Polish4Cztery
9%
Polish10Dziesięć
8%
Polish9Dziewięć
8%
Polish8Osiem
8%
Polish5Pięć
8%
Polish7Siedem
8%
Polish6Sześć
8%

Score Distribution

Percentile by Number Answered

Percent of People with Each Score

Your Score History

You have not taken this quiz